| 000 | 00538nam a2200193Ia 4500 | ||
|---|---|---|---|
| 005 | 20250508151902.0 | ||
| 008 | 008 250505s9999 xx 000 0 san d | ||
| 037 | _aTextual | ||
| 040 |
_aFEDL _beng _cFEDL |
||
| 041 |
_asan _2eng |
||
| 084 |
_a371.3, GAD _qFEDL |
||
| 100 |
_aDadre Laxman Ramchandr _9760265 |
||
| 245 | 0 | _aShastrachen adhayapan | |
| 260 |
_aPune, India _bModern Book Depot _c1948 |
||
| 300 | _a475p. | ||
| 650 |
_aTeachingTechnique _9756949 |
||
| 942 |
_cTEXL _h371.3, GAD |
||
| 999 |
_c1332715 _d1332715 |
||